LEADER 01329nam a2200301 u 4500 001 000000061648 003 CaOOAMICUS 005 20070226121039.0 008 010911s1977 sp u000 u spa u 020 $a8431302534 035 $a10902293 040 $aPUL(R)$bita 100 1 $aSanguineti, Juan José.$0(OLS)http://pul/name/38659 245 13$aLa Filosofia de la ciencia segun Santo Tomas /$cJuan José Sanguineti. 260 $aPamplona :$bEdiciones Universidad de Navarra,$c1977. 300 $a371 p. ;$c21 cm 490 1 $aColección filosófica 504 $aBibliografia in nota. 600 04$aThomas Aquinas,$cs.,$dc. 1225-1274$xFilosofia.$0(OLS)http://pul/subject/1465 650 4$aFilosofia della scienza.$0(OLS)http://pul/subject/5136 830 0$aColección filosófica (Universidad de Navarra. Facultad de Filosofía y Letras).$0(OLS)http://pul/title/82307 850 $aPUL 852 $aPUL$W1$xSL Filosofia 1$y2$m96 A 43$j80283$nBK-PRI$b $qStampati$B80283$CPULBib$Z2$F80283 $H $81 941 1 $a8 961 $aINV: 52679 996 $6020$a8431302534$9(OLS)http://pul/number/79883 996 $6245$aLa Filosofia de la ciencia segun Santo Tomas$9(OLS)http://pul/title/82306 996 $6260$aPamplona :$bEdiciones Universidad de Navarra$9(OLS)http://pul/publisher/48150 LEADER 01422nam a2200265 a 4500 001 000000173074 003 CaOOAMICUS 005 20200124112250.0 008 200124s2019 it df frm z000 u eng r 032 $aLibriCat 040 $aPUL$bita 100 1 $aMelukunnel, José Cyriac.$0(OLS)http://pul/name/111171 245 14$aThe experience of previuos intrafamilial physical and sexual abuse among the (ex) members of Pandilla (street gangs) in Managua and indications for prevention based on the field data / $cJosé Cyriac Melukunnel. 260 $aRoma :$b[s.n.],$c2018. 300 $a428 p. : $bgrafici, tav. ; $c24 cm 502 $aEstratto da Tesi di dottorato-- Pontificia Università Gregoriana--Istituto di psicologia, 2018. 504 $aBibliografia: p. [355]-424. 650 4$aAbusi sessuali.$0(OLS)http://pul/subject/45697 710 2 $aPontificia Università Gregoriana.$bIstituto di psicologia.$kTesi.$0(OLS)http://pul/name/82056 850 $aPUL 852 $aPUL$W1$xDP1 Tesi Pon. Univ. Gregoriana$y40$m2019 E 1$j196166$qTesi$B201832$CPULBib$Z2$F201832 $82 941 1 $a16 996 $6245$aThe experience of previuos intrafamilial physical and sexual abuse among the (ex) members of Pandilla (street gangs) in Managua and indications for prevention based on the field data / $9(OLS)http://pul/title/214120 996 $6260$aRoma :$b[s.n.]$9(OLS)http://pul/publisher/47958